| 000 | 00406nam a22001817a 4500 | ||
|---|---|---|---|
| 003 | NUST | ||
| 020 | _a 9788131789209 | ||
| 038 | _aKhadija | ||
| 082 |
_a658.72 _bCHO |
||
| 100 |
_aChopra, Sunil. _986191 |
||
| 245 | _aSupply Chain Management | ||
| 250 | _a5th ed. | ||
| 260 |
_aNew Delhi : _bPearson, _c2015. |
||
| 300 |
_a557 p. ; _b24 cm. |
||
| 500 | _aPaperback. | ||
| 563 | _aPB | ||
| 942 |
_cBK _2ddc |
||
| 999 |
_c33758 _d33758 |
||